Riziká pri produkcii potravín
Gespeichert in:
| 1. Verfasser: | |
|---|---|
| Format: | Buch |
| Sprache: | Slowakisch |
| Veröffentlicht: |
Nitra
Slovenská poľnohospodárska univerzita v Nitre
2016
|
| Ausgabe: | 2. vydanie nezmenené |
| Schlagworte: | |
| Tags: |
Keine Tags, Fügen Sie das erste Tag hinzu!
|
MARC
| LEADER | 00000nam a2200000 4500 | ||
|---|---|---|---|
| 001 | 0248515 | ||
| 005 | 20240226122902.3 | ||
| 020 | |a 978-80-552-1475-7 | ||
| 041 | 0 | |a slo | |
| 044 | |a SK | ||
| 245 | 1 | 0 | |a Riziká pri produkcii potravín |c Mária Angelovičová |
| 250 | |a 2. vydanie nezmenené | ||
| 264 | 1 | |a Nitra |b Slovenská poľnohospodárska univerzita v Nitre |c 2016 | |
| 300 | |a 256 s. | ||
| 610 | 2 | 0 | |a potraviny |
| 610 | 2 | 0 | |a produkcia |
| 610 | 2 | 0 | |a riziko |
| 610 | 2 | 0 | |a riadenie rizík |
| 610 | 2 | 0 | |a bezpečnosť potravinová |
| 610 | 2 | 0 | |a zdravie |
| 610 | 2 | 0 | |a ochrana spotrebiteľa |
| 610 | 2 | 0 | |a hygiena |
| 610 | 2 | 0 | |a znečistenie prostredia životného |
| 610 | 2 | 0 | |a výroba poľnohospodárska |
| 610 | 2 | 0 | |a krmoviny |
| 610 | 2 | 0 | |a kontrola |
| 610 | 2 | 0 | |a predpisy |
| 610 | 2 | 0 | |a Európska únia |
| 610 | 2 | 0 | |a Európa |
| 100 | 1 | |a Angelovičová, Mária | |